000
00304nam a2200133Ia 4500
003
OSt
005
20240207095006.0
008
170524s9999 xx 000 0 und d
020
_a
8180548414
040
_c
IIMT UNIVERSITY
100
_a
PRASAD- L.M.
245
0
_a
ORGANIZATIONAL BEHAVIOUR
942
_2
ddc
_c
02
999
_c
4159
_d
4159